Taishō Shōwa keizaishi : "Ekonomisuto" hanseiki no ayumi /
Saved in:
| 企业作者: | |
|---|---|
| 格式: | 图书 |
| 语言: | Japanese |
| 出版: |
Tōkyō :
Mainichi Shinbunsha,
Shōwa 54 [1979]
|
| 主题: | |
| 标签: |
添加标签
没有标签, 成为第一个标记此记录!
|
| LEADER | 01292nam a2200313 a 4500 | ||
|---|---|---|---|
| 001 | 007764366-6 | ||
| 005 | 20024617115958.0 | ||
| 008 | 880907s1979 ja a 000 0 jpn d | ||
| 035 | 0 | |a ocm23321750 | |
| 035 | 0 | |a ocm23321750 |z ocm33505746 | |
| 040 | |a MiU |c MiU |d OrU-S/OrU-L/OrU |d *YNH* |d CStRLIN | ||
| 043 | |a a-ja--- | ||
| 045 | |a x1x- | ||
| 050 | |a HC462.8 |b T28 | ||
| 245 | 0 | 0 | |6 880-01 |a Taishō Shōwa keizaishi : |b "Ekonomisuto" hanseiki no ayumi / |c Ekonomisuto Henshūbu hen. |
| 260 | |6 880-02 |a Tōkyō : |b Mainichi Shinbunsha, |c Shōwa 54 [1979] | ||
| 300 | |a 390 p. : |b ill. ; |c 20 cm. | ||
| 500 | |6 880-03 |a "Ekonomisuto hanseiki nenpyō": p. 378-390. | ||
| 630 | 0 | 0 | |6 880-04 |a Ekonomisuto |x History. |
| 651 | 0 | |a Japan |x Economic conditions |y 1918-1945. | |
| 651 | 0 | |a Japan |x Economic conditions |y 1945- | |
| 710 | 2 | |6 880-05 |a Mainichi Shinbunsha. |b Ekonomisuto Henshūbu. | |
| 880 | 0 | 0 | |6 245-01 |a 大正.昭和経済史 : |b 「エコノミスト」半世紀の步み / |c エコノミスト編集部編. |
| 880 | |6 260-02 |a 東京 : |b 每日新聞社, |c 昭和 54 [1979] | ||
| 880 | |6 500-03 |a "エコノミスト半世紀年表": p. 378-390. | ||
| 880 | 0 | 0 | |6 630-04 |a エコノミスト |x History. |
| 880 | 2 | |6 710-05 |a 每日新聞社. |b エコノミスト編集部. | |
| 988 | |a 20021214 | ||
| 906 | |0 OCLC | ||


